LEADER 00811nam0-22003011i-450- 001 990006481320403321 005 20001010 035 $a000648132 035 $aFED01000648132 035 $a(Aleph)000648132FED01 035 $a000648132 100 $a20001010d--------km-y0itay50------ba 101 0 $aita 105 $ay-------001yy 200 1 $a<>HISTORY of Tanzania$fEdited by I.N. Kimambo and A.J. Temu 210 $aNairobi$cNorthwestern University Press$d1969. 215 $aX, 276 p.$d22 cm 676 $a967.8 702 1$aKimambo,$bIsaria N. 702 1$aTemu,$bArnold J. 801 0$aIT$bUNINA$gRICA$2UNIMARC 901 $aBK 912 $a990006481320403321 952 $aXIV E 51$b2893$fFSPBC 959 $aFSPBC 996 $aHISTORY of Tanzania$9653098 997 $aUNINA DB $aGEN01 LEADER 00936nam0-22003251i-450- 001 990003862400403321 005 20080122085221.0 035 $a000386240 035 $aFED01000386240 035 $a(Aleph)000386240FED01 035 $a000386240 100 $a20030910d--------km-y0itay50------ba 101 0 $aita 102 $aIT 200 1 $a<>Supply Responses of African Farmers$eTheory and Measurement in Malawi$fEdwin Dean. 210 $aAmsterdam$cNorth-Holland$d1966. 215 $axiv, 174 p.$cill.$d23 cm 225 1 $aContributions to economic analysis$v41 610 0 $aPrezzi e mercati agricoli 676 $aF/1.121 676 $aI/2.111 676 $aI/2.31 700 1$aDean,$bEdwin$0382501 801 0$aIT$bUNINA$gRICA$2UNIMARC 901 $aBK 912 $a990003862400403321 952 $aI/2.31 DEA$b626/I$fSES 959 $aSES 996 $aSupply Responses of African Farmers$9514530 997 $aUNINA LEADER 00744nam0-2200253 --450 001 9910624999703321 005 20221117125715.0 100 $a20221117d1945----kmuy0itay5050 ba 101 0 $aeng 102 $aUS 105 $a 001yy 200 1 $a<>social life of a modern community$fby W. Lloyd Warner and Paul S. Lunt 210 $aNew Haven$cYale university press$d1945 215 $aXX, 460 p.$d24 cm 676 $a301.1523$v23$zita 700 1$aWarner,$bW. Lloyd$0460301 701 1$aLunt,$bPaul S.$0127747 801 0$aIT$bUNINA$gREICAT$2UNIMARC 901 $aBK 912 $a9910624999703321 952 $aXV N 144 (1)$b27424$fFGBC 959 $aFGBC 996 $aSocial life of a modern community$92963523 997 $aUNINA